<The> problems of development of national economy and entrepreneurship 49th international scientific conference of Riga Technical University

Guardado en:
Detalles Bibliográficos
Autor Corporativo: <The> problems of development of national economy and entrepreneurship. International scientific conference
Formato: Libro
Lenguaje:inglés
Publicado: Riga RTU Publishing House 2008
Materias:
Etiquetas: Agregar Etiqueta
Sin Etiquetas, Sea el primero en etiquetar este registro!

MARC

LEADER 00000nlm$a2200000$$$4500
001 0084113
005 20240109070225.4
020 |a 978-9984-32-567-5 
041 0 |a eng 
044 |a LT 
245 1 0 |a <The> problems of development of national economy and entrepreneurship  |b 49th international scientific conference of Riga Technical University 
264 1 |a Riga  |b RTU Publishing House  |c 2008 
300 |a CD-ROM 
610 2 0 |a hospodárstvo národné 
610 2 0 |a rast hospodársky 
610 2 0 |a podnikanie 
110 2 |a <The> problems of development of national economy and entrepreneurship. International scientific conference